000 00647nam a22002297a 4500
003 UA-OsUOA
001 115782
007 ta
008 20160118b un ||||| |||| 00| 0 ukr d
100 _aКуліков Ю.М.
700 _aЙолкіна О.В.
090 _a330(477)
_bК90
942 _cSA
040 _aUA-OsUOA
_bukr
_cUA-OsUOA
_dUA-OsUOA
245 _aМінімальна заробітна плата в методології неформальної зайнятості
300 _aС.88-94
955 _a0
041 _aukr
080 _a330(477)
773 0 _w115778
650 7 _a330 Економіка взагалі
_2UDC
999 _c401602
_d401602